000 01071nam a22003137a 4500
001 BR9901014
003 BR-BrBNA
005 20230928100225.0
007 ta
008 230509b bl.||||| |||| 00| 0 por d
040 _aBR-BrBNA
_bpor
_cBiblioteca Nacional de Agricultura
041 _a(Por)
072 _aH10
_b0120
_b4020
090 _ 0120 BR9901014
100 1 _aRoel, A.R.
110 1 _aEscola Superior de Agricultura Luiz de Queiroz, Piracicaba, SP (Brasil)
_0Tese (Doutor em Ciencias)
245 1 _aEfeito de extratos organicos de Trichilia pallida Swartz (Meliaceae)na sobrevivencia e desenvolvimento de Spodoptera frugiperda (J.E. Smith, 1797)(Lepidoptera: Noctuidae)
260 3 _aPiracicaba, SP (Brasil):
_c1998.
300 _a115 p.
500 _aSummaries (Eng, Por); Bibliography p. 98-115; 16 illus.; 19 tables
650 _aMilho
650 _aFolha
650 _aLagarta
650 _aVariedade Resistente
650 _aDicotiledonea
650 _aInseticida de Origem Vegetal
909 _a202309
_bLucia
_c55
_dLucia Elande
942 _cBK
999 _c60648
_d60648